1841 1207 1059 1270 1614 1149 1368 1192 1045 1473 1535 1627 1974 1991 1072 1488 1425 1872 1101 1044 1662 1831 1981 1764 1743 1463 1532 1772 1596 1720 1785 1581 1903 1694 1595 1720 1931 1286 1574 1938 1287 1595 1490 1324 1127 1754 1250 1121 1788 1156 1553 1639 1427 1396 1976 1317 1735 1081 1278 1310 1449 1317 1398 1853 1254 1568 1886 1291 1131 1313 1021 1369 1543 1980 1857 1226 1353 1005 1983 1938 1867 1044 1713 1064 1023 1951 1008 1800 1772 1373 1069 1935 1143 1175 1797 1363 1619 1415 1744 BCNSPRNW ULIB Ver.6.0+V

เปลี่ยนเป็นภาษาไทย

Change to English
 แสดงรายละเอียดบรรณานุกรม
  กลับหน้าหลัก

Brief Record : Get Marc (ISO 2709) : E-mail record : QR code < ปิดหน้าต่าง
LEADER : 00000nam 2200000uu 4500
001    13399111940
003     ULIB
008    110712s2544||||th 000 0 tha d
020    9748212971
050  4 DS589.N31^bก278น 2544
100 0  กฤษกร วงศ์กรวุฒิ
245 10 นครนายก/^cกฤษกร วงศ์กรวุฒิ
260    กรุงเทพฯ :^bสารคดี,^c[2544]
300    191 หน้า :^bภาพประกอบ, แผนที่ :^c21 ซม.
490 0  "นายรอบรู้" นักเดินทาง
651  7 ไทย (ภาคกลาง)^xความเป็นอยู่และประเพณี
651  7 ไทย (ภาคกลาง)^xภูมิประเทศและการท่องเที่ยว
651  7 นครนายก^xความเป็นอยู่และประเพณี
651  7 นครนายก^xภูมิประเทศและการท่องเที่ยว
651  7 นครนายก^xโบราณสถาน
945    ^p95^l0^i015887
995    ทศพร
999 ^a ใช้งานได้ทุกระบบ
รายการนี้ยังไม่มีแท็ก
คุณยังไม่ได้ล็อกอิน คุณสามารถมีกิจกรรมร่วมกับเว็บไซต์ได้ แต่ต้องล็อกอินก่อน ::
  ล็อกอิน

รายการสื่อสารสนเทศ

ลำดับที่ ประเภท เลขเรียก/บาร์โค้ด สถานที่ สถานะ
- ไม่พบข้อมูล -

รายการใกล้เคียง
    ผู้แต่ง [กฤษกร วงศ์กรวุฒิ]

BibComment


ยังไม่เคยถูกคอมเมนท์

คอมเมนท์ทรัพยากรรายการนี้
  คอมเมนท์: นครนายก กฤษกร วงศ..


 Copyright 2026. Bcnsprnw @Library